| 000 | 00622nam a22001937a 4500 | ||
|---|---|---|---|
| 005 | 20170713143654.0 | ||
| 010 | _aENG-119212 | ||
| 020 |
_c795.00 _a9789386062833 |
||
| 035 | _aEN-102744 | ||
| 037 | _bDBAD/PUB | ||
| 082 | _a079 | ||
| 100 | _aYadav, Shyamlal | ||
| 245 |
_aJournalism through RTI ; _cby Shyamlal Yadav _binformation investigation impact / |
||
| 260 |
_aNew Delhi _bSage Publications _c2017 |
||
| 270 |
_aB1/I-1 Mohan Cooperative Industrial Area, Mathura Road _bNew Delhi _e110044 |
||
| 300 |
_axiii. 220p ; _c23cm (Hb) _bill. |
||
| 500 | _ainclude index | ||
| 942 |
_2ddc _cEN _h079 _mYAD |
||
| 999 |
_c142541 _d142541 |
||